[Event "IV Copa Marcel Duchamp 2020"]
[Site "Montevideo"]
[Date "2020.02.09"]
[Round "3.1"]
[White "Delgado Ramirez, Neuris"]
[Black "Acosta, Pablo Ismael"]
[Result "0-1"]
[WhiteElo "2634"]
[BlackElo "2416"]
[Annotator "TA"]
[PlyCount "132"]
[EventDate "2020.02.08"]
[EventType "swiss"]
[EventCountry "URU"]
[SourceTitle "playchess.com"]
[Source "ChessBase"]
[SourceQuality "1"]

{[%evp 10,132,15,5,26,21,27,8,17,-21,-18,-17,37,47,35,15,12,8,21,32,32,31,49,53,45,10,16,21,11,4,51,50,50,18,18,0,0,0,0,0,0,-28,-23,-89,-88,-193,-189,-234,-234,-218,-224,-215,-213,-213,-206,-568,-530,-715,-534,-901,-483,-435,-8,-8,-8,-8,-8,-8,-8,-8,-8,-74,-65,-74,-74,-74,-74,-430,-430,-430,-430,-430,-41,-41,-41,-41,-41,-41,-22,-74,-74,-29948,-29948,-29952,-29956,-29957,-29959,-29960,-29962,-29970,-29971,-29972,-12438,-29954,0,-29972,-29956,-29969,-29950,-29966,-29943,-12841,-12819,-12848,-12850,-29948,-29948,-12802,-12732,-7050,-6592,-7239,-6996,-29978,-29979]} 1. e4 c5 2. Nf3 d6 3. d4 cxd4 4. Nxd4 Nf6 5. Nc3 a6 6. Nb3 e6 {B90: Sicilian Najdorf: Unusual White 6th moves, 6 Be3 Ng4 and 6 Be3 e5.} 7. g4 b5 {[%cal Bb7b5,Bb5b4][%mdl 32]} 8. Bg2 {Strongly threatening e5!} Bb7 {The position is equal.} 9. g5 b4 10. Nd5 Nxd5 (10... exd5 $11 11. gxf6 dxe4) 11. exd5 $14 Be7 12. Qg4 Bxd5 13. Bxd5 exd5 {[#]} 14. Be3 $146 ({Predecessor:} 14. Qxb4 O-O 15. Qb7 Nd7 16. Qxd5 Rc8 17. c3 Nb6 18. Qg2 Qd7 19. O-O Nc4 20. Nd4 {½-½ (126) Pultinevicius,P (2465)-Abdusattorov,N (2558) Batumi 2018}) 14... Nc6 15. O-O-O Qc8 16. Qxc8+ Rxc8 17. Nd4 Nxd4 18. Rxd4 {[%mdl 64] Double Attack} Rc4 19. Rhd1 h6 20. gxh6 g5 21. Rxd5 (21. h4 $5 Rxd4 22. Rxd4 gxh4 23. Rxd5 $14) 21... Rxh6 22. b3 Rg4 23. Re1 Re4 24. Kd1 Rxh2 25. Ra5 g4 26. Rxa6 (26. Ba7 $11 Rxe1+ 27. Kxe1) 26... f5 $1 $17 27. Ra7 (27. a4 $17 {was worth a try.}) 27... Bf6 $1 $19 28. Bb6 Bc3 {[%csl Gc3][%cal Re4e1]} 29. Rxe4+ fxe4 {[%mdl 4096] Endgame KRB-KRB} 30. Ke2 g3 $1 {[%cal Rg3g2]} 31. Kf1 gxf2 32. Ra5 $2 (32. Be3) 32... Bd2 33. Ra8+ Kf7 34. Ra7+ Ke6 35. Ra8 e3 $2 {[#]} ({Black should play} 35... Ke7 $19 36. Ra7+ Kf6 37. Bd4+ Ke6) 36. Bxe3 $1 $11 {[%mdl 512]} Bxe3 {KRB-KR} 37. Re8+ Kd5 38. Rxe3 {KR-KR} Rh1+ 39. Kxf2 Rh2+ 40. Ke1 (40. Kf3 $1 $11) 40... Rxc2 $17 41. Rh3 Kc5 42. Rh8 {aiming for Rc8+.} Rxa2 43. Rc8+ $2 {[%mdl 8192]} (43. Kd1 $17 {was the crucial defense.}) 43... Kd4 $1 $19 44. Rc4+ Ke3 45. Kd1 Rd2+ $2 (45... d5 $19 46. Rh4 Kd3 47. Rh3+ Ke4) 46. Kc1 $15 Rd4 47. Rc6 Kd3 48. Kb2 Kd2 49. Rc2+ (49. Rb6 $11 {remains equal.}) 49... Ke3 $1 $17 {( -> ...Rd2)} 50. Rc6 $2 {[%mdl 8192]} (50. Kc1 $17) 50... d5 $1 51. Rb6 Rh4 52. Rb5 Rh2+ 53. Kc1 d4 54. Re5+ {[#]} Kd3 $1 {[%cal Rd3c3]} 55. Rc5 Ke4 (55... Rh1+ $142 56. Kb2 Kd2 57. Rc4 d3 58. Rc6 Re1 59. Rh6 Ke2 60. Rh2+ Kd1 61. Rh4 Re2+ 62. Kb1 d2 63. Rh3 Re1 64. Kb2 Ke2 65. Rh2+ Kd3 66. Rh3+ Re3 67. Rh1 Rg3 68. Rb1 Ke2 69. Kc2 {[#]} d1=Q+ $1 {[%mdl 512]} 70. Rxd1 Rc3+ 71. Kb1 Kxd1 72. Kb2 Rg3 73. Ka2 Kc2 74. Ka1 Rxb3 75. Ka2 Ra3#) 56. Rc8 Kd3 $2 (56... Ke3 {mates} 57. Re8+ Kd3 58. Rd8 Kc3 59. Kd1 Rb2 60. Rd7 Rf2 61. Rd8 Rd2+ 62. Kc1 Rc2+ 63. Kb1 Rf2 64. Rc8+ Kxb3 65. Kc1 Rf1+ 66. Kd2 Kb2 67. Re8 b3 68. Rb8 Ra1 69. Rb4 Ka3 70. Rb7 b2 71. Kd3 Rd1+ 72. Ke4 d3 73. Rh7 b1=Q 74. Ra7+ Kb3 75. Kd5 Re1 76. Rd7 Qa2 77. Rd6 Kb4+ 78. Kc6 Qa4+ 79. Kb6 Qb5+ 80. Kc7 Re7+ 81. Kc8 Qb7+ 82. Kd8 Qc7#) 57. Rc7 $2 {[%mdl 8192]} (57. Rc5 $11) 57... Rh5 58. Rc8 Rh4 59. Rc7 Ke3 60. Re7+ Re4 61. Rb7 d3 62. Kd1 Rh4 {[%cal Rh4h1]} 63. Re7+ Kd4 64. Rc7 Rh1+ 65. Kd2 Rh2+ 66. Kc1 Rc2+ {Accuracy: White = 47%, Black = 78%.} 0-1

[Event "IV Copa Marcel Duchamp 2020"]
[Site "Montevideo"]
[Date "2020.02.09"]
[Round "3.2"]
[White "Mussanti, Diego"]
[Black "Hernandez Guerrero, Gilberto"]
[Result "0-1"]
[WhiteElo "2330"]
[BlackElo "2557"]
[Annotator "TA"]
[PlyCount "70"]
[EventDate "2020.02.08"]
[EventType "swiss"]
[EventCountry "URU"]
[SourceTitle "playchess.com"]
[Source "ChessBase"]
[SourceQuality "1"]

{[%evp 19,70,56,70,-90,-95,-93,-91,-96,-110,-85,-95,-105,-98,-99,-70,-71,0,0,0,0,0,-45,-39,-65,-61,-69,-56,-89,-95,-141,-133,-161,-156,-182,-179,-210,-211,-273,-271,-275,-257,-373,-352,-363,-332,-349,-344,-680,-668,-631,-489,-764,-782]} 1. e4 c5 2. Nf3 Nc6 3. d4 cxd4 4. Nxd4 Nf6 5. Nc3 d6 6. Bg5 Bd7 7. Qd2 Rc8 8. O-O-O Nxd4 9. Qxd4 Qa5 10. f4 Rxc3 11. Bxf6 $2 {B61: Sicilian: Richter-Rauzer: 6...Bd7 7 Qd2.} (11. bxc3 $14 e5 12. Qd3) 11... Rc7 $17 12. Bh4 ({Don't blunder} 12. Bxg7 $2 {[#]} e5 $1 $19 {[%mdl 512]}) 12... Qxa2 13. e5 {[%cal Re5d6] Black is better.} Qa1+ 14. Kd2 Qa5+ 15. b4 dxe5 16. fxe5 Qa4 17. Bd3 $1 {[#]} a5 $146 (17... Qc6 $17) ({Predecessor:} 17... e6 18. c3 Qa2+ 19. Ke3 Qd5 20. Ra1 a6 21. Qxd5 exd5 22. Kd4 Be7 23. Bxe7 Kxe7 {½-½ (45) Kallio,H (2493)-Bui,V (2463) Budapest 2003}) 18. Ra1 $11 Qxb4+ 19. Qxb4 axb4 20. Ra8+ (20. e6 $5 fxe6 21. Bg3 $11) 20... Rc8 21. Rha1 g6 22. Rxc8+ Bxc8 23. Bb5+ Kd8 24. Ra4 Bh6+ 25. Kd3 Bf4 26. Ke4 Bxh2 27. Rxb4 Bf5+ 28. Kd5 g5 ({Weaker is} 28... Bxc2 29. Bf2 $14) 29. Bf2 {intending Bb6+.} Kc7 {[#] White must now prevent ...Rd8+.} 30. g3 (30. Bd4 {was necessary.}) 30... Rd8+ $19 31. Kc4 Rd2 ({Much less strong is} 31... Bxc2 32. Kc3 $19) 32. Bb6+ Kb8 33. Kc3 $2 (33. Be3 Rxc2+ 34. Kd4) 33... Rxc2+ {Black is clearly winning.} 34. Kb3 Rc1 35. Rd4 (35. Be3 $142 Rb1+ 36. Kc4) 35... Bxg3 {Accuracy: White = 37%, Black = 89%.} 0-1

[Event "IV Copa Marcel Duchamp 2020"]
[Site "Montevideo"]
[Date "2020.02.09"]
[Round "3.3"]
[White "Tristan, Leonardo"]
[Black "Menna Barreto, Felipe Kubiaki"]
[Result "1-0"]
[WhiteElo "2533"]
[BlackElo "2395"]
[Annotator "TA"]
[PlyCount "53"]
[EventDate "2020.02.08"]
[EventType "swiss"]
[EventCountry "URU"]
[SourceTitle "playchess.com"]
[Source "ChessBase"]
[SourceQuality "1"]

{[%evp 13,53,1,0,-6,13,18,4,0,0,0,14,18,27,21,16,13,177,192,179,150,379,333,469,459,525,522,677,658,652,498,618,479,2280,2227,1813,1711,29990,29991,29991,29992,29993,29993]} 1. d4 d5 2. Bf4 c5 3. e3 Nc6 4. Nf3 Nf6 5. Nbd2 e6 6. c3 Bd6 7. Bg3 O-O 8. Bb5 {D02: 1 d4 d5 2 Nf3 sidelines, including 2...Nf6 3 g3 and 2...Nf6 3 Bf4} Bxg3 9. hxg3 Qb6 10. a4 {The position is equal.} h6 11. Qc2 {[#]} Ng4 $146 ({Predecessor:} 11... Bd7 12. Ne5 Rfc8 13. Bxc6 Bxc6 14. Nb3 cxd4 15. exd4 Be8 16. Nc5 Ne4 17. Nxe4 dxe4 {1-0 (44) Naroditsky,D (2646)-Xiong,J (2674) chess.com INT 2017}) 12. Bxc6 Qxc6 13. Ne5 Nxe5 14. dxe5 $40 {[%mdl 128] Black needs to defend precisely.} f6 $2 {[#]} (14... f5 $11 {and Black stays safe.}) 15. Rxh6 $1 $18 {[%mdl 512] aiming for Qh7+.} f5 (15... gxh6 16. Qg6+) 16. Rh2 b5 $2 (16... Bd7 $16 {was necessary.} 17. g4 Kf7) 17. Nf3 bxa4 (17... Kf7 {was worth a try.} 18. axb5 Qxb5) 18. Ng5 a3 19. Qd1 {White threatens Qh5 and mate.} g6 20. Rh6 Kg7 21. Rh7+ Kg8 22. Rxa3 {[%cal Ba1a3,Ba3b3,Bb3b7,Bb7d7][%mdl 32]} Bd7 (22... d4 $142 23. exd4 a5) 23. Kd2 {White wants to mate with Qh1.} Qb6 24. Rb3 Qd8 25. Rb7 {White mates.} Qxg5 26. Rbxd7 {[%csl Gh7][%cal Rd7g7]} Rfd8 27. Qh1 {Accuracy: White = 95%, Black = 42%.} 1-0

[Event "IV Copa Marcel Duchamp 2020"]
[Site "Montevideo"]
[Date "2020.02.09"]
[Round "3.4"]
[White "De Dovitiis, Alejo"]
[Black "Lima, Darcy"]
[Result "1/2-1/2"]
[WhiteElo "2314"]
[BlackElo "2526"]
[Annotator "TA"]
[PlyCount "133"]
[EventDate "2020.02.08"]
[EventType "swiss"]
[EventCountry "URU"]
[SourceTitle "playchess.com"]
[Source "ChessBase"]
[SourceQuality "1"]

{[%evp 17,133,0,0,0,0,0,0,0,0,0,0,0,0,0,0,0,0,-3,-3,-13,0,0,0,0,0,0,0,0,0,0,11,0,0,0,0,0,0,0,26,37,28,8,12,9,33,0,0,0,51,0,39,42,54,46,62,53,47,54,43,5,607,530,625,618,590,582,574,558,537,537,530,518,491,417,397,350,2148,1666,2112,2103,1920,1694,1714,1627,933,917,872,747,2650,1894,1911,1710,1527,1030,29973,29974,29981,36,36,36,36,36,36,36,36,0,0,0,0,0,0,0,0,0,0,0,0,0]} 1. d4 d5 2. Nf3 e6 3. e3 Nf6 4. Bd3 b6 5. O-O Bb7 6. b3 Nbd7 7. Bb2 Bd6 8. Ne5 O-O 9. Nd2 Ne4 10. Nxe4 {D05: Colle System with ...e6.} dxe4 11. Bb5 Nxe5 12. dxe5 Bc5 {[#]} 13. Qxd8 $146 ({Predecessor:} 13. Qg4 Qe7 14. a3 a6 15. Be2 b5 16. c4 bxc4 17. Bxc4 Rfd8 18. Rfc1 Rd7 19. b4 {½-½ (41) Stefanova,A (2506)-Szczepkowska,K (2406) Germany 2017}) 13... Rfxd8 14. Rfd1 Kf8 15. a3 a5 16. a4 Ke7 17. Kf1 f5 18. h4 Ba6 (18... g6 {looks sharper.} 19. Ke2 Rd5 20. Bc4 Rxd1 21. Rxd1 Bb4) 19. Bxa6 Rxa6 20. Rxd8 Kxd8 $11 {[%mdl 4096] Endgame KRB-KRB} 21. Ke2 Ra8 22. h5 Ke7 23. Rg1 Rf8 24. Bc1 Rf7 25. Bd2 Kd7 26. c3 Be7 27. b4 Bd8 28. bxa5 bxa5 29. g4 c6 30. c4 Bc7 31. gxf5 exf5 32. Rb1 Bxe5 (32... Ke6 $11) 33. Rb7+ (33. Bxa5 $14 Kd6 34. Bb6) 33... Bc7 34. Bxa5 Kc8 35. Ra7 Rd7 36. Bxc7 Rxc7 $14 {KR-KR} 37. Ra8+ Kd7 38. a5 {[%cal Ba4a5,Ba5a6][%mdl 32]} Rb7 $2 {[%mdl 8192]} (38... Kd6 $11) 39. a6 $18 Rb2+ 40. Kf1 Ra2 41. a7 Kc7 42. Rg8 Rxa7 43. Rxg7+ Kb6 {[#]} 44. c5+ $1 {[%mdl 512]} Ka6 (44... Kxc5 45. Rxa7) 45. h6 Ra8 46. Rxh7 Rf8 $2 (46... Kb5 47. Rf7 Rh8) 47. Rg7 Rf6 48. h7 Rh6 49. Kg2 Kb5 50. Kg3 Kxc5 51. Kf4 Rh5 52. Ke5 Kc4 53. Kf6 Kd3 54. Kg6 Rh2 55. Rc7 Ke2 56. Rxc6 Kf3 57. Kg7 $2 (57. Rc5 {mates} Rg2+ 58. Kxf5 Rh2 59. Kg6 Rh1 60. Rh5 Rb1 61. Rh3+ Ke2 62. h8=Q Rb6+ 63. Kf5) 57... Rxh7+ $1 $14 58. Kxh7 Kxf2 59. Kg6 Kxe3 60. Kxf5 {[#] White wants to mate with Rc4. KR-KP} Kf3 61. Ke5 {Threatening mate with Kd4.} (61. Rh6 $5 {[%cal Rh6h3]} e3 62. Rh3+ Kf2 63. Kf4 $14) 61... e3 {The position is equal.} 62. Rf6+ Kg2 63. Kd4 e2 64. Re6 Kf2 65. Rf6+ Kg2 66. Re6 Kf2 67. Rxe2+ {Accuracy: White = 84%, Black = 66%.} 1/2-1/2

[Event "IV Copa Marcel Duchamp 2020"]
[Site "Montevideo"]
[Date "2020.02.09"]
[Round "3.5"]
[White "Vazquez, Guillermo"]
[Black "Lopez Azambuja, Nicolas"]
[Result "1-0"]
[WhiteElo "2524"]
[BlackElo "2310"]
[Annotator "RC"]
[PlyCount "93"]
[EventDate "2020.02.08"]
[EventType "swiss"]
[EventCountry "URU"]
[SourceTitle "playchess.com"]
[Source "ChessBase"]
[SourceQuality "1"]
[TimeControl "5400+30"]

1. e4 {[%emt 0:02:38]} e5 {[%emt 0:00:00]} 2. Nf3 {[%emt 0:00:10]} Nc6 {[%emt 0:00:00]} 3. Bb5 {[%emt 0:01:01]} Nf6 {[%emt 0:00:09]} 4. d3 {[%emt 0:00:52]} Bc5 {[%emt 0:00:27]} 5. Bxc6 {[%emt 0:02:11]} dxc6 {[%emt 0:00:18]} 6. Nbd2 {[%emt 0:00:53]} Be6 {[%emt 0:05:15]} 7. O-O {[%emt 0:01:19]} Nd7 {[%emt 0:00:42]} 8. Nb3 {[%emt 0:01:22]} Bb6 {[%emt 0:01:04]} 9. Ng5 {[%emt 0:00:41]} Bxb3 {[%emt 0:01:56]} 10. axb3 {[%emt 0:00:06]} f6 {[%emt 0:01:13]} 11. Nf3 {[%emt 0:03:06]} O-O {[%emt 0:01:25]} 12. Nd2 {[%emt 0:03:41]} Nc5 {[%emt 0:05:02]} 13. Nc4 {[%emt 0:00:37]} Ne6 {[%emt 0:02:18]} 14. Be3 {[%emt 0:02:40]} Qd7 {[%emt 0:05:18]} 15. Qg4 {[%emt 0:03:46]} Rad8 {[%emt 0:05:25]} 16. Nxb6 {[%emt 0:04:43]} axb6 {[%emt 0:00:12]} 17. Ra7 {[%emt 0:00:12]} Ra8 {[%emt 0:07:25]} 18. Rfa1 {[%emt 0:03:11]} Rab8 {[%emt 0:00:34]} 19. h3 {[%emt 0:05:51]} Rfd8 {[%emt 0:03:26]} 20. g3 {[%emt 0:02:20]} c5 {[%emt 0:18:31]} 21. f4 {[%emt 0:07:23]} Nd4 {[%emt 0:02:03]} 22. Qxd7 {[%emt 0:03:00]} Rxd7 {[%emt 0:00:05]} 23. Bxd4 {[%emt 0:00:14]} cxd4 {[%emt 0:00:44]} 24. Ra8 {[%emt 0:07:19]} Rdd8 {[%emt 0:04:41]} 25. Rxb8 {[%emt 0:01:25]} Rxb8 {[%emt 0:00:06]} 26. Kf2 {[%emt 0:02:10]} Kf7 {[%emt 0:07:33]} 27. c3 {[%emt 0:04:51]} Rd8 {[%emt 0:04:32]} 28. Ke2 {[%emt 0:01:14]} c5 {[%emt 0:04:39]} 29. Ra7 {[%emt 0:01:48]} Rd7 {[%emt 0:00:25]} 30. Ra8 {[%emt 0:00:18]} Ke7 {[%emt 0:06:09]} 31. Rb8 {[%emt 0:07:00]} Kd6 {[%emt 0:03:38]} 32. h4 {[%emt 0:00:47]} b5 {[%emt 0:02:01]} 33. h5 {[%emt 0:02:20]} h6 {[%emt 0:02:38]} 34. c4 {[%emt 0:03:04]} bxc4 {[%emt 0:03:24]} 35. bxc4 {[%emt 0:00:06]} Kc7 {[%emt 0:00:15]} 36. Re8 {[%emt 0:01:13]} Kd6 {[%emt 0:00:38]} 37. Rb8 {[%emt 0:01:49]} Kc7 {[%emt 0:00:25]} 38. Rg8 {[%emt 0:00:04]} Kd6 {[%emt 0:01:25]} 39. Kd2 {[%emt 0:01:51]} Ke6 {[%emt 0:00:37]} 40. Kc2 {[%emt 0:02:23]} b5 {[%emt 0:00:42]} 41. cxb5 {[%emt 0:02:22]} Rb7 {[%emt 0:00:14]} 42. b6 {[%emt 0:00:30]} Kd6 {[%emt 0:00:40]} 43. Ra8 {[%emt 0:03:48]} exf4 {[%emt 0:00:41]} 44. gxf4 {[%emt 0:00:03]} Rxb6 {[%emt 0:01:30]} 45. Ra7 {[%emt 0:00:16]} Rc6 {[%emt 0:00:58]} 46. Rxg7 {[%emt 0:00:42]} c4 {[%emt 0:00:09]} 47. Rg6 {[%emt 0:00:59] Kd5} 1-0

[Event "IV Copa Marcel Duchamp 2020"]
[Site "Montevideo"]
[Date "2020.02.09"]
[Round "3.6"]
[White "Rodriguez Vila, Andres"]
[Black "Contin, Daniel"]
[Result "1-0"]
[WhiteElo "2492"]
[BlackElo "2267"]
[Annotator "TA"]
[PlyCount "82"]
[EventDate "2020.02.08"]
[EventType "swiss"]
[EventCountry "URU"]
[SourceTitle "playchess.com"]
[Source "ChessBase"]
[SourceQuality "1"]

{[%evp 9,82,-29,-22,-35,43,-27,20,-10,8,5,13,-52,-73,-75,-48,-61,0,0,0,14,86,-60,0,-8,0,0,41,36,47,0,0,0,0,0,0,0,0,0,0,0,0,0,0,-2,8,15,23,15,22,20,14,12,50,46,41,31,97,110,98,83,70,81,100,85,159,169,171,90,408,384,460,0,393,387,341]} 1. d4 e6 2. Nc3 d5 3. Bf4 Bd6 4. Qd2 Nf6 5. f3 {[#]} Bxf4 $146 ({Predecessor:} 5... c5 6. dxc5 Bxc5 7. O-O-O Nc6 8. e4 d4 9. Bb5 Qa5 10. Bxc6+ bxc6 11. Nb1 Qxa2 {½-½ (55) Schlenker,J (2153)-Sawlin,L (2402) Karlsruhe 2019}) 6. Qxf4 {[#] D00: 1 d4 d5: Unusual lines.} Qd6 ({Better is} 6... c5 $1 $15 {[%mdl 512]}) 7. Qh4 (7. Qxd6 $14 cxd6 8. e3) 7... b5 {[%cal Bb7b5,Bb5b4][%mdl 32]} 8. e4 {The position is equal.} dxe4 9. O-O-O b4 10. Nb5 (10. Nxe4 $11 Nxe4 11. fxe4 (11. Qxe4 c6 $14)) 10... Qe7 {And now ...a6 would win.} 11. Qg3 Kd8 12. Nh3 {Hoping for Nxc7!} Rg8 (12... Re8 $15 13. Bc4 Bb7) 13. d5 $36 {[%mdl 2048] White fights for an advantage.} exd5 14. fxe4 c6 (14... a6 $11 {remains equal.} 15. e5 axb5 16. exf6 Qxf6) 15. e5 (15. Nd6 $16 {Black must now prevent Ng5.} Nxe4 16. Nxe4 {[%mdl 64] Pin} Bxh3 17. gxh3 Qxe4 18. Bd3) 15... Nh5 (15... Ne4 $15 16. Qf4 f5 17. exf6 gxf6) 16. Qb3 Qxe5 17. Bc4 {Rhe1 is the strong threat.} Bxh3 18. Bxd5 $1 Bd7 ({Not} 18... cxb5 $2 19. gxh3 Nf6 20. Bxa8+ Nbd7 21. Rhe1 $18) 19. Bxf7 (19. Rhe1 $5 {[%cal Re1e5]} Qg5+ {[%mdl 64] Pin} 20. Kb1 cxd5 21. Rxd5 $11) 19... Rf8 ({Of course not} 19... cxb5 $6 20. Bxh5 Qxh5 21. Qxg8+ Kc7 22. Qxg7 $16) 20. Nd6 $1 {aiming for Rhe1.} a5 21. Rhe1 Qf4+ 22. Kb1 a4 23. Qd3 $1 Rxf7 24. Rf1 {[#]} Qxf1 $1 25. Rxf1 Rxf1+ 26. Qxf1 Kc7 27. Nc4 Be6 {[#]} 28. g4 $1 {[%mdl 512]} Bxc4 $1 (28... Bxg4 29. Qf8) 29. Qxc4 Nf6 {Threatens to win with ...Nd5.} 30. Qf4+ Kc8 31. g5 Nd5 32. Qf7 a3 ({Black should play} 32... Ra5 $14) 33. Qxg7 $16 Nd7 34. Qg8+ Kb7 35. Qxh7 Kc7 36. g6 Re8 ({Black should try} 36... Kd6) 37. Qh4 axb2 38. Kxb2 (38. Qg3+ $18 Kd8 39. h4 (39. Kxb2 N5f6 $16)) 38... Ne5 $2 {[%mdl 8192] [#]} (38... Kd6 $16 {is tougher.}) 39. g7 $1 $18 Rg8 40. Qg5 $2 ({White has to play} 40. Qf2 $18) 40... Kd6 $2 {[%mdl 8192]} (40... Nc4+ $11 {and Black is okay.} 41. Kc1 Nd6) 41. h4 Ke6 {Accuracy: White = 75%, Black = 49%.} 1-0

[Event "IV Copa Marcel Duchamp 2020"]
[Site "Montevideo"]
[Date "2020.02.09"]
[Round "3.7"]
[White "Shtemler, Lavi"]
[Black "Hoffman, Alejandro"]
[Result "0-1"]
[WhiteElo "2199"]
[BlackElo "2472"]
[Annotator "TA"]
[PlyCount "114"]
[EventDate "2020.02.08"]
[EventType "swiss"]
[EventCountry "URU"]
[SourceTitle "playchess.com"]
[Source "ChessBase"]
[SourceQuality "1"]

{[%evp 14,114,27,30,30,31,45,18,22,0,0,-14,-11,0,-12,-59,-59,-53,-66,-50,-32,-45,-43,-57,-37,-82,-103,-130,-70,-61,-78,-133,-106,-254,-241,-295,-274,-278,-271,-270,-225,-218,-225,-221,-229,-247,-246,-220,-211,-192,-177,-185,-189,-172,-177,-186,-163,-264,-273,-267,-275,-270,-272,-267,-157,-151,-154,-154,-156,-134,-144,-143,-143,-142,-143,-138,-130,-125,-136,-108,-79,-83,-51,-50,-37,-122,-161,-285,-242,-285,-282,-250,-271,-244,-149,-147,-137,-212,-193,-322,-319,-29978,-29978]} 1. e4 e5 2. Nf3 d6 3. d4 exd4 4. Nxd4 Nf6 5. Nc3 Be7 6. Be2 O-O 7. O-O Re8 8. Re1 c6 {C41: Philidor Defence.} 9. a4 a5 10. Bf3 Na6 {[#] The position is equal.} 11. Nce2 $146 ({Predecessor:} 11. Bf4 Nb4 12. h3 Qb6 13. Qd2 Bf8 14. Rad1 Nd7 15. Be3 Qc7 16. Bf4 Qb6 17. Be3 {½-½ (25) Malbran,G (2306)-Perelman,H (2185) Buenos Aires 2006}) 11... Bf8 12. Ng3 Nc5 13. b3 g6 14. c4 Bg7 15. Rb1 h5 16. Bg5 Qb6 17. Nc2 Nh7 18. Be3 Qc7 19. Bf4 Be5 20. Ne2 Bxf4 (20... Nf6 $17 21. Bxe5 dxe5) 21. Nxf4 $15 d5 $36 {[%mdl 2048] Black is really pushing.} 22. e5 (22. Nd3 $142 Nxe4 23. cxd5 cxd5 24. Rc1) 22... dxc4 (22... Rxe5 $6 23. Qd4 $15) 23. bxc4 (23. Qe2 $17) 23... Bf5 $19 (23... Rxe5 24. Qd4 $17) (23... Nxa4 24. Qd6 $17) 24. Ra1 Rxe5 25. Rxe5 Qxe5 26. Qd4 Re8 27. Qxe5 Rxe5 28. Ne3 Nf6 29. h3 Kf8 30. Ra3 h4 31. Nxf5 Rxf5 32. Nd3 {With the idea Bg4.} Nfd7 33. Bg4 {[#]} Rf6 $1 34. Bxd7 Nxd7 {[%mdl 4096] Endgame KRN-KRN} 35. c5 (35. Kf1 $142) 35... Rf5 36. Rb3 Rd5 (36... Nxc5 37. Nxc5 Rxc5 38. Rxb7 $19) 37. Kf1 Ke8 (37... Nxc5 38. Nxc5 Rxc5 39. Rxb7 $17) 38. Ke2 Kd8 (38... Nxc5 39. Nxc5 Rxc5 40. Rxb7 $17) (38... Rd4 $19 39. Ra3 Kd8) 39. Ke3 $17 Kc7 ({But not} 39... Nxc5 40. Nxc5 Rxc5 41. Rxb7 $15) 40. Rc3 b5 41. cxb6+ Nxb6 42. Nc5 Rg5 {aiming for ...Nd5+.} 43. Kf3 Rf5+ 44. Ke2 Rf4 45. g3 Rd4 ({Don't play} 45... Nxa4 46. Na6+ Kb7 47. Rb3+ Kxa6 48. gxf4 $11) 46. Rf3 hxg3 47. fxg3 Kd6 48. Nb7+ Kd5 49. Rxf7 (49. Nxa5 $15 f5 50. h4) 49... Rxa4 50. Rf6 (50. Rg7 {was necessary.}) 50... Ra2+ $19 51. Kd3 Nc4 52. Rf8 {Threatens to win with Rd8+.} Ra3+ 53. Kc2 Rxg3 {And now ...c5 would win.} 54. Rd8+ Ke5 55. Rc8 (55. Re8+ $17 Kd5 56. Rd8+ Ke6 57. Rd4 Ne3+ 58. Kd2) 55... a4 56. Rxc6 (56. Re8+ {was worth a try.} Kf6 57. Nc5) 56... Kd4 ({And not} 56... Rxh3 57. Rxc4 a3 58. Ra4 $11) 57. Nd6 $2 {[#]} (57. Nd8 $19 Rg2+ 58. Kb1) 57... Rc3+ {Accuracy: White = 54%, Black = 80%.} 0-1